[Event "CRO-ch Youth U17 2020"]
[Site "Vinkovci"]
[Date "2020.08.01"]
[Round "7.5"]
[White "Maravic, Ivan"]
[Black "Jurakic, Lukas"]
[Result "1/2-1/2"]
[WhiteElo "2009"]
[BlackElo "2023"]
[Annotator "ChessBase"]
[PlyCount "101"]
[EventDate "2020.07.28"]
[EventType "swiss"]
[EventCountry "CRO"]
[SourceTitle "playchess.com"]
[Source "ChessBase"]
[SourceQuality "1"]
[TimeControl "5400+30"]

1. d4 {[%emt 0:01:30]} d5 {[%emt 0:00:30]} 2. Nf3 {[%emt 0:02:30]} Nf6 {[%emt 0:00:30]} 3. e3 {[%emt 0:00:30]} c5 {[%emt 0:00:30]} 4. c3 {[%emt 0:03:30]} Nc6 {[%emt 0:01:30]} 5. dxc5 {[%emt 0:02:30]} a5 {[%emt 0:03:30]} 6. Bb5 {[%emt 0:03:30]} g6 {[%emt 0:03:30]} 7. b4 {[%emt 0:10:30]} Bg7 {[%emt 0:02:30]} 8. Bb2 {[%emt 0:01:30]} O-O {[%emt 0:03:30]} 9. a3 {[%emt 0:02:30]} Ne4 {[%emt 0:05:30]} 10. Qb3 {[%emt 0:08:30]} e5 {[%emt 0:07:30]} 11. O-O {[%emt 0:04:30]} Be6 {[%emt 0:02:30]} 12. Qc2 {[%emt 0:05:30]} Ng5 {[%emt 0:08:30]} 13. Nbd2 {[%emt 0:12:30]} e4 {[%emt 0:07:30]} 14. Nd4 {[%emt 0:06:30]} Ne5 {[%emt 0:14:30]} 15. f4 {[%emt 0:02:30]} exf3 {[%emt 0:00:30]} 16. N2xf3 {[%emt 0:01:30]} Ngxf3+ {[%emt 0:06:30]} 17. Nxf3 {[%emt 0:01:30]} Ng4 {[%emt 0:01:30]} 18. Rae1 {[%emt 0:02:30]} Bd7 {[%emt 0:05:30]} 19. Bxd7 {[%emt 0:04:30]} Qxd7 {[%emt 0:00:00]} 20. Bc1 {[%emt 0:02:40]} Rfe8 {[%emt 0:02:00]} 21. Qd3 {[%emt 0:03:33]} Nf6 {[%emt 0:02:30]} 22. Rd1 {[%emt 0:02:46]} Qe7 {[%emt 0:04:47]} 23. Nd4 {[%emt 0:04:23]} Ng4 {[%emt 0:01:01]} 24. Nb5 {[%emt 0:02:36]} Qe5 {[%emt 0:01:38]} 25. g3 {[%emt 0:01:00]} Qh5 {[%emt 0:02:08]} 26. Qe2 {[%emt 0:01:56]} Bh6 {[%emt 0:04:43]} 27. Rd3 {[%emt 0:02:06]} Re5 {[%emt 0:01:31]} 28. Nd6 {[%emt 0:01:33]} Re7 {[%emt 0:02:18]} 29. Rfd1 {[%emt 0:02:01]} f5 {[%emt 0:00:43]} 30. Qa2 {[%emt 0:01:03]} Nf6 {[%emt 0:02:07]} 31. Rf1 {[%emt 0:00:49]} Bg5 {[%emt 0:01:48]} 32. Qg2 {[%emt 0:00:28]} Qh6 {[%emt 0:00:36]} 33. Rf3 {[%emt 0:00:25]} Ng4 {[%emt 0:00:51]} 34. Qe2 {[%emt 0:00:39]} Ne5 {[%emt 0:00:14]} 35. Rxd5 {[%emt 0:00:28]} Nxf3+ {[%emt 0:00:27]} 36. Qxf3 {[%emt 0:00:06]} axb4 {[%emt 0:01:14]} 37. Rd3 {[%emt 0:00:56]} bxa3 {[%emt 0:00:52]} 38. Qd5+ {[%emt 0:00:20]} Kf8 {[%emt 0:00:36]} 39. c6 {[%emt 0:00:33]} bxc6 {[%emt 0:00:30]} 40. Qxc6 {[%emt 0:00:28]} Rd8 {[%emt 0:00:34]} 41. Bxa3 {[%emt 0:00:21]} Bxe3+ {[%emt 0:00:13]} 42. Kg2 {[%emt 0:00:28]} Qh5 {[%emt 0:00:44]} 43. Rxe3 {[%emt 0:00:36]} Rxe3 {[%emt 0:00:41]} 44. Ne8+ {[%emt 0:00:45]} Re7 {[%emt 0:00:34]} 45. Bxe7+ {[%emt 0:00:30]} Kxe7 {[%emt 0:00:20]} 46. Qf6+ {[%emt 0:00:08]} Kxe8 {[%emt 0:00:12]} 47. Qe6+ {[%emt 0:00:05]} Kf8 {[%emt 0:00:03]} 48. Qf6+ {[%emt 0:00:05]} Ke8 {[%emt 0:00:15]} 49. Qe6+ {[%emt 0:00:05]} Kf8 {[%emt 0:00:03]} 50. Qf6+ {[%emt 0:00:04]} Ke8 {[%emt 0:00:19]} 51. Qe6+ {[%emt 0:00:09]} 1/2-1/2

[Event "CRO-ch Youth U17 2020"]
[Site "Vinkovci"]
[Date "2020.08.01"]
[Round "7.6"]
[White "Raguz, Sima"]
[Black "Dejanovic, Tereza"]
[Result "0-1"]
[WhiteElo "1128"]
[BlackElo "1788"]
[Annotator "NA"]
[PlyCount "98"]
[EventDate "2020.07.28"]
[EventType "swiss"]
[EventCountry "CRO"]
[SourceTitle "playchess.com"]
[Source "ChessBase"]
[SourceQuality "1"]
[TimeControl "5400+30"]

1. e4 {[%emt 0:00:30]} c5 {[%emt 0:00:30]} 2. Nf3 {[%emt 0:00:00]} d6 {[%emt 0:00:00]} 3. Bb5+ {[%emt 0:00:00]} Bd7 {[%emt 0:00:00]} 4. Bxd7+ {[%emt 0:00:30]} Qxd7 {[%emt 0:00:00]} 5. d4 {[%emt 0:00:30]} cxd4 {[%emt 0:00:00]} 6. Qxd4 {[%emt 0:00:00]} Nc6 {[%emt 0:00:00]} 7. Qc4 {[%emt 0:02:00]} e6 {[%emt 0:02:00]} 8. Nc3 {[%emt 0:02:30]} Nf6 {[%emt 0:01:30]} 9. Bg5 {[%emt 0:03:30]} Be7 {[%emt 0:02:30]} 10. O-O-O {[%emt 0:02:30]} a6 {[%emt 0:04:30]} 11. Qb3 {[%emt 0:06:30]} Qc7 {[%emt 0:00:30]} 12. Rhe1 {[%emt 0:04:30]} O-O {[%emt 0:03:30]} 13. Qc4 {[%emt 0:06:30]} b5 {[%emt 0:01:30]} 14. Qe2 {[%emt 0:00:30]} b4 {[%emt 0:01:30]} 15. Nb1 {[%emt 0:00:30]} Rfc8 {[%emt 0:08:30]} 16. c3 {[%emt 0:03:30]} bxc3 {[%emt 0:02:30]} 17. Nxc3 {[%emt 0:00:30]} Rab8 {[%emt 0:06:30]} 18. Nd4 {[%emt 0:21:30]} Nxd4 {[%emt 0:03:30]} 19. Rxd4 {[%emt 0:00:30]} Qa5 {[%emt 0:00:30]} 20. Be3 {[%emt 0:08:30]} Qxa2 {[%emt 0:02:30]} 21. Kd1 {[%emt 0:00:30]} Qxb2 {[%emt 0:04:30]} 22. Qxb2 {[%emt 0:01:30]} Rxb2 {[%emt 0:00:30]} 23. Rd3 {[%emt 0:02:30]} Ng4 {[%emt 0:02:30]} 24. Re2 {[%emt 0:02:30]} Nxe3+ {[%emt 0:00:30]} 25. Rdxe3 {[%emt 0:00:30]} Rxe2 {[%emt 0:02:30]} 26. Kxe2 {[%emt 0:00:30]} Bf6 {[%emt 0:00:30]} 27. Na4 {[%emt 0:00:30]} Rc2+ {[%emt 0:01:30]} 28. Kf1 {[%emt 0:00:30]} Ra2 {[%emt 0:01:30]} 29. Rb3 {[%emt 0:02:30]} g6 {[%emt 0:00:30]} 30. Nb6 {[%emt 0:01:30]} Bd4 {[%emt 0:01:30]} 31. f3 {[%emt 0:00:30]} Rf2+ {[%emt 0:00:30]} 32. Ke1 {[%emt 0:00:30]} Rxg2 {[%emt 0:00:30]} 33. Nc4 {[%emt 0:01:30]} d5 {[%emt 0:02:30]} 34. exd5 {[%emt 0:00:00]} exd5 {[%emt 0:00:00]} 35. Ne3 {[%emt 0:01:00]} Bxe3 {[%emt 0:00:00]} 36. Rxe3 {[%emt 0:00:00]} Rxh2 {[%emt 0:00:30]} 37. Rd3 {[%emt 0:00:00]} Rh5 {[%emt 0:01:30]} 38. Ra3 {[%emt 0:00:00]} Rf5 {[%emt 0:00:00]} 39. Ke2 {[%emt 0:00:00]} Rf6 {[%emt 0:01:00]} 40. Ke3 {[%emt 0:00:30]} h5 {[%emt 0:00:30]} 41. Kd4 {[%emt 0:00:30]} Rf5 {[%emt 0:00:30]} 42. Rxa6 {[%emt 0:01:30]} Rxf3 {[%emt 0:00:30]} 43. Kxd5 {[%emt 0:00:00]} h4 {[%emt 0:00:00]} 44. Ke4 {[%emt 0:00:00]} Rf1 {[%emt 0:00:00]} 45. Ra3 {[%emt 0:00:30]} g5 {[%emt 0:00:30]} 46. Ra5 {[%emt 0:00:30]} f6 {[%emt 0:02:30]} 47. Ra6 {[%emt 0:01:30]} h3 {[%emt 0:00:30]} 48. Ra2 {[%emt 0:00:30]} g4 {[%emt 0:00:30]} 49. Ke3 {[%emt 0:00:30]} g3 {[%emt 0:00:30]} 0-1

[Event "CRO-ch Youth U17 2020"]
[Site "Vinkovci"]
[Date "2020.08.01"]
[Round "7.7"]
[White "Mihaljevic, Eva"]
[Black "Randic, Petra"]
[Result "0-1"]
[WhiteElo "1223"]
[BlackElo "1794"]
[Annotator "NA"]
[PlyCount "52"]
[EventDate "2020.07.28"]
[EventType "swiss"]
[EventCountry "CRO"]
[SourceTitle "playchess.com"]
[Source "ChessBase"]
[SourceQuality "1"]
[TimeControl "5400+30"]

1. d4 {[%emt 0:00:30]} Nf6 {[%emt 0:00:30]} 2. Bf4 {[%emt 0:00:00]} g6 {[%emt 0:00:30]} 3. Nc3 {[%emt 0:00:00]} d5 {[%emt 0:01:30]} 4. e3 {[%emt 0:00:00]} Bg7 {[%emt 0:00:30]} 5. h4 {[%emt 0:00:00]} Be6 {[%emt 0:04:30]} 6. Nf3 {[%emt 0:05:30]} c5 {[%emt 0:05:30]} 7. Nb5 {[%emt 0:00:30]} Na6 {[%emt 0:02:30]} 8. c3 {[%emt 0:00:30]} Qb6 {[%emt 0:06:30]} 9. dxc5 {[%emt 0:14:30]} Qxc5 {[%emt 0:02:30]} 10. a4 {[%emt 0:00:30]} Ne4 {[%emt 0:03:30]} 11. Ne5 {[%emt 0:14:30]} f6 {[%emt 0:05:30]} 12. Nd4 {[%emt 0:11:30]} Qc8 {[%emt 0:09:30]} 13. Bb5+ {[%emt 0:13:30]} Kf8 {[%emt 0:03:30]} 14. Nxe6+ {[%emt 0:06:30]} Qxe6 {[%emt 0:02:30]} 15. Bd7 {[%emt 0:09:30]} Qg8 {[%emt 0:06:30]} 16. Qg4 {[%emt 0:01:19]} Nac5 {[%emt 0:07:30]} 17. Nf3 {[%emt 0:10:12]} f5 {[%emt 0:03:30]} 18. Bxf5 {[%emt 0:00:47]} gxf5 {[%emt 0:02:30]} 19. Qxf5+ {[%emt 0:00:29]} Qf7 {[%emt 0:00:30]} 20. Qxf7+ {[%emt 0:00:45]} Kxf7 {[%emt 0:00:00]} 21. Ke2 {[%emt 0:01:27]} Ne6 {[%emt 0:02:00]} 22. Bh2 {[%emt 0:00:38]} Rhf8 {[%emt 0:01:30]} 23. Rhd1 {[%emt 0:01:44]} Rad8 {[%emt 0:01:30]} 24. Rd3 {[%emt 0:00:55]} N6c5 {[%emt 0:00:30]} 25. Rdd1 {[%emt 0:01:09]} Kg8 {[%emt 0:00:30]} 26. Rac1 {[%emt 0:01:37]} Nxa4 {[%emt 0:00:30]} 0-1

[Event "CRO-ch Youth U17 2020"]
[Site "Vinkovci"]
[Date "2020.08.01"]
[Round "7.8"]
[White "Bevanda, Ema"]
[Black "Juric, Ester"]
[Result "1-0"]
[WhiteElo "1554"]
[BlackElo "1663"]
[Annotator "NA"]
[PlyCount "117"]
[EventDate "2020.07.28"]
[EventType "swiss"]
[EventCountry "CRO"]
[SourceTitle "playchess.com"]
[Source "ChessBase"]
[SourceQuality "1"]
[TimeControl "5400+30"]

1. d4 {[%emt 0:00:30]} d5 {[%emt 0:00:30]} 2. Bf4 {[%emt 0:00:30]} Nf6 {[%emt 0:00:30]} 3. e3 {[%emt 0:00:00]} e6 {[%emt 0:00:00]} 4. Nf3 {[%emt 0:00:00]} Bd6 {[%emt 0:00:00]} 5. Ne5 {[%emt 0:00:30]} O-O {[%emt 0:00:30]} 6. Bd3 {[%emt 0:00:30]} c5 {[%emt 0:00:30]} 7. c3 {[%emt 0:00:30]} Qc7 {[%emt 0:00:30]} 8. Qf3 {[%emt 0:03:30]} Nc6 {[%emt 0:04:30]} 9. Nxc6 {[%emt 0:04:30]} Qxc6 {[%emt 0:00:30]} 10. Bg5 {[%emt 0:00:30]} Ne4 {[%emt 0:04:30]} 11. Bh4 {[%emt 0:05:30]} b6 {[%emt 0:10:30]} 12. a4 {[%emt 0:02:30]} a6 {[%emt 0:04:30]} 13. O-O {[%emt 0:01:30]} Bb7 {[%emt 0:01:30]} 14. Qh3 {[%emt 0:00:30]} f5 {[%emt 0:06:30]} 15. f3 {[%emt 0:05:30]} Nf6 {[%emt 0:02:30]} 16. Nd2 {[%emt 0:00:30]} Qd7 {[%emt 0:00:30]} 17. Bg3 {[%emt 0:09:30]} Bxg3 {[%emt 0:01:30]} 18. Qxg3 {[%emt 0:00:30]} Rad8 {[%emt 0:01:30]} 19. Rfc1 {[%emt 0:09:30]} cxd4 {[%emt 0:03:30]} 20. exd4 {[%emt 0:00:30]} Rfe8 {[%emt 0:02:30]} 21. Re1 {[%emt 0:02:30]} Qd6 {[%emt 0:23:30]} 22. Qxd6 {[%emt 0:01:30]} Rxd6 {[%emt 0:00:00]} 23. Nb3 {[%emt 0:00:30]} Kf7 {[%emt 0:03:00]} 24. Re3 {[%emt 0:04:30]} g5 {[%emt 0:03:30]} 25. Rae1 {[%emt 0:08:30]} h5 {[%emt 0:06:17]} 26. Nd2 {[%emt 0:03:30]} g4 {[%emt 0:03:14]} 27. g3 {[%emt 0:10:30]} Bc8 {[%emt 0:08:23]} 28. Kg2 {[%emt 0:00:30]} Rh8 {[%emt 0:01:04]} 29. Nf1 {[%emt 0:06:54]} h4 {[%emt 0:02:34]} 30. fxg4 {[%emt 0:01:09]} Nxg4 {[%emt 0:00:33]} 31. Rf3 {[%emt 0:00:13]} hxg3 {[%emt 0:00:39]} 32. Rxg3 {[%emt 0:00:13]} Rdd8 {[%emt 0:01:58]} 33. h3 {[%emt 0:03:56]} Nf6 {[%emt 0:00:05]} 34. Nd2 {[%emt 0:01:09]} Nh5 {[%emt 0:01:26]} 35. Rf3 {[%emt 0:00:03]} Rdg8+ {[%emt 0:00:35]} 36. Kh2 {[%emt 0:03:58]} Nf6 {[%emt 0:03:08]} 37. Rg3 {[%emt 0:00:30]} Rxg3 {[%emt 0:00:35]} 38. Kxg3 {[%emt 0:00:30]} Ne4+ {[%emt 0:00:36]} 39. Nxe4 {[%emt 0:00:30]} fxe4 {[%emt 0:00:35]} 40. Be2 {[%emt 0:00:30]} a5 {[%emt 0:00:40]} 41. Rf1+ {[%emt 0:00:30]} Kg6 {[%emt 0:00:35]} 42. Bb5 {[%emt 0:00:30]} Kg7 {[%emt 0:00:06]} 43. Rf2 {[%emt 0:00:30]} Rh5 {[%emt 0:00:30]} 44. Be8 {[%emt 0:01:32]} Rf5 {[%emt 0:00:16]} 45. Rxf5 {[%emt 0:01:04]} exf5 {[%emt 0:00:02]} 46. Kf4 {[%emt 0:01:47]} Kf6 {[%emt 0:00:54]} 47. Bh5 {[%emt 0:00:49]} Be6 {[%emt 0:00:30]} 48. h4 {[%emt 0:00:18]} Bd7 {[%emt 0:00:16]} 49. Bd1 {[%emt 0:00:40]} b5 {[%emt 0:00:35]} 50. axb5 {[%emt 0:00:21]} Bxb5 {[%emt 0:00:00]} 51. Bb3 {[%emt 0:01:00]} Bc6 {[%emt 0:00:38]} 52. c4 {[%emt 0:02:13]} Ke6 {[%emt 0:01:11]} 53. cxd5+ {[%emt 0:02:44]} Bxd5 {[%emt 0:00:00]} 54. Bxd5+ {[%emt 0:00:02]} Kxd5 {[%emt 0:00:01]} 55. h5 {[%emt 0:00:20]} Kxd4 {[%emt 0:00:35]} 56. h6 {[%emt 0:00:10]} e3 {[%emt 0:00:02]} 57. h7 {[%emt 0:00:06]} e2 {[%emt 0:00:11]} 58. h8=Q+ {[%emt 0:00:08]} Kd3 {[%emt 0:00:02]} 59. Qc3# {[%emt 0:00:12]} 1-0

[Event "CRO-ch Youth U17 2020"]
[Site "Vinkovci"]
[Date "2020.08.02"]
[Round "8.1"]
[White "Ljubicic, Mario"]
[Black "Levacic, Matej"]
[Result "0-1"]
[WhiteElo "1966"]
[BlackElo "2040"]
[Annotator "TA"]
[PlyCount "94"]
[EventDate "2020.07.28"]
[EventType "swiss"]
[EventCountry "CRO"]
[SourceTitle "playchess.com"]
[Source "ChessBase"]
[SourceQuality "1"]

{[%evp 12,94,13,-27,-49,-77,-44,-70,-73,-153,-150,-157,-169,-169,-125,-141,-142,-137,-122,-130,-124,-147,-147,-151,-158,-171,-170,-203,-160,-222,-136,-147,-127,-152,-124,-112,-97,-103,-80,-94,-93,-122,-108,-104,-86,-85,-85,-132,-97,-119,-56,-56,-56,-56,-62,-61,-48,-139,-107,-160,-160,-227,-206,-189,-141,-326,-323,-484,-484,-772,-742,-1812,-1538,-2062,-1048,-830,-817,-2312,-2178,-4582,-2081,-1631,-1205,-4810,-1873]} 1. f4 d5 2. Nf3 g6 3. g3 Bg7 4. Bg2 Nf6 5. O-O O-O 6. d3 c6 7. h3 Nbd7 {[%cal Bb8d7,Bd7e5,Be5f3][%mdl 32] A03: Bird's Opening with 1...d5.} 8. Nbd2 Nh5 {aiming for ...e5.} 9. Kh2 {[#]} e5 $146 {Black is slightly better.} ({Predecessor:} 9... Qc7 10. e4 e5 11. f5 Ndf6 12. c4 gxf5 13. cxd5 cxd5 14. exf5 e4 15. dxe4 Qxg3+ 16. Kg1 Nf4 17. Rf2 Nxh3+ {0-1 (17) Davidson,E (1002)-Albesa,A (1076) LSS email 2009}) 10. fxe5 (10. e3 $142) 10... Nxe5 $17 11. d4 Nxf3+ 12. Bxf3 Nf6 13. c3 Re8 14. Bg2 Qe7 15. Re1 Bf5 16. Nf3 Ne4 17. Nh4 Bd7 18. Bxe4 Qxe4 19. Ng2 Re7 20. Qd3 (20. b3 $17) 20... Rae8 {White must now prevent ...Qxd3.} 21. Qxe4 Rxe4 ({Don't take} 21... dxe4 22. Be3 $15) 22. e3 Bh6 23. Bd2 R4e7 24. Rf1 Kg7 25. Rae1 Bf5 26. g4 Be4 27. Nf4 f5 28. gxf5 Bxf5 29. b3 Be4 30. c4 Bxf4+ (30... dxc4 $17 31. bxc4 Rd7) 31. Rxf4 $15 g5 32. Rg1 h6 33. cxd5 cxd5 34. Rff1 (34. h4 $15) 34... Kg6 35. Rc1 (35. h4 $142) 35... Rf7 $36 {[%mdl 2048] Black is really pushing.} 36. Rgf1 (36. Be1 $17 {is a better defense.}) 36... Rxf1 37. Rxf1 $19 {[%mdl 4096] Endgame KRB-KRB} h5 38. Rc1 $2 {[#] This move loses the game for White.} (38. Bb4 $17) 38... Rf8 $1 {[%cal Rf8f2] ...Rf2+ is the strong threat.} 39. Kg1 (39. Bb4 {might work better.} Rf2+ 40. Kg1 Rxa2 41. Bd6) 39... Rf3 {Black is clearly winning.} 40. Rc7 (40. h4 $142 Rg3+ 41. Kf1 gxh4 42. Rc8) 40... Rxh3 41. Rxb7 g4 {( -> ...g3)} 42. Be1 g3 43. Bxg3 Rxg3+ {[%mdl 64] [#] Double Attack} 44. Kf1 a6 45. Rb6+ Kf5 (45... Kg5 $142 46. Rxa6 Rxe3) 46. Rh6 Kg5 47. Re6 h4 {Accuracy: White = 42%, Black = 58%.} 0-1

[Event "CRO-ch Youth U17 2020"]
[Site "Vinkovci"]
[Date "2020.08.03"]
[Round "8.2"]
[White "Vucenovic, Damian"]
[Black "Troselj, Ivan"]
[Result "0-1"]
[WhiteElo "1952"]
[BlackElo "1857"]
[Annotator "ChessBase"]
[PlyCount "120"]
[EventDate "2020.07.28"]
[EventType "swiss"]
[EventCountry "CRO"]
[SourceTitle "playchess.com"]
[Source "ChessBase"]
[SourceQuality "1"]
[TimeControl "5400+30"]

1. e4 {[%emt 0:00:30]} c6 {[%emt 0:00:30]} 2. d4 {[%emt 0:00:00]} d5 {[%emt 0:00:00]} 3. exd5 {[%emt 0:00:00]} cxd5 {[%emt 0:00:00]} 4. Bd3 {[%emt 0:01:30]} Nc6 {[%emt 0:00:00]} 5. c3 {[%emt 0:00:30]} Nf6 {[%emt 0:00:00]} 6. Bf4 {[%emt 0:01:30]} Bg4 {[%emt 0:00:30]} 7. Qb3 {[%emt 0:00:30]} Qd7 {[%emt 0:00:30]} 8. Nd2 {[%emt 0:03:30]} e6 {[%emt 0:06:30]} 9. h3 {[%emt 0:01:30]} Bh5 {[%emt 0:00:30]} 10. Ngf3 {[%emt 0:01:30]} Bd6 {[%emt 0:02:30]} 11. Bxd6 {[%emt 0:05:30]} Qxd6 {[%emt 0:00:30]} 12. Qxb7 {[%emt 0:04:30]} Rb8 {[%emt 0:00:30]} 13. Qa6 {[%emt 0:00:30]} O-O {[%emt 0:00:00]} 14. O-O {[%emt 0:07:30]} Rb6 {[%emt 0:07:00]} 15. Qa4 {[%emt 0:02:30]} Rxb2 {[%emt 0:02:30]} 16. Rab1 {[%emt 0:02:30]} Rfb8 {[%emt 0:00:30]} 17. Rxb2 {[%emt 0:05:30]} Rxb2 {[%emt 0:00:30]} 18. Rb1 {[%emt 0:11:30]} Rxb1+ {[%emt 0:00:30]} 19. Bxb1 {[%emt 0:00:30]} Bxf3 {[%emt 0:02:30]} 20. Nxf3 {[%emt 0:00:30]} g6 {[%emt 0:00:30]} 21. Qa6 {[%emt 0:05:30]} Qc7 {[%emt 0:02:30]} 22. Bd3 {[%emt 0:03:30]} Kg7 {[%emt 0:03:30]} 23. Bb5 {[%emt 0:16:30]} Nb8 {[%emt 0:13:30]} 24. Qa4 {[%emt 0:03:30]} Ne4 {[%emt 0:01:30]} 25. c4 {[%emt 0:13:39]} a6 {[%emt 0:00:30]} 26. Bxa6 {[%emt 0:00:30]} Nxa6 {[%emt 0:00:30]} 27. Qxa6 {[%emt 0:00:30]} dxc4 {[%emt 0:00:30]} 28. Qa4 {[%emt 0:00:47]} Nf6 {[%emt 0:00:30]} 29. Ne1 {[%emt 0:00:36]} Nd5 {[%emt 0:00:30]} 30. Nc2 {[%emt 0:00:46]} c3 {[%emt 0:02:30]} 31. Qb3 {[%emt 0:01:50]} Qf4 {[%emt 0:01:30]} 32. Qb1 {[%emt 0:02:16]} Qd2 {[%emt 0:02:30]} 33. a4 {[%emt 0:02:26]} Nf4 {[%emt 0:07:30]} 34. a5 {[%emt 0:00:30]} Ne2+ {[%emt 0:00:30]} 35. Kh1 {[%emt 0:01:11]} Qd3 {[%emt 0:04:30]} 36. Kh2 {[%emt 0:00:47]} Nxd4 {[%emt 0:03:30]} 37. a6 {[%emt 0:00:01]} Nb5 {[%emt 0:01:30]} 38. Qb3 {[%emt 0:00:30]} Qd6+ {[%emt 0:00:30]} 39. g3 {[%emt 0:00:30]} Qxa6 {[%emt 0:00:30]} 40. Qc4 {[%emt 0:00:44]} Qb7 {[%emt 0:00:00]} 41. Nd4 {[%emt 0:00:01]} Qe4 {[%emt 0:00:00]} 42. Qxb5 {[%emt 0:00:40]} Qxd4 {[%emt 0:00:30]} 43. Qe2 {[%emt 0:00:40]} h6 {[%emt 0:00:30]} 44. h4 {[%emt 0:00:36]} h5 {[%emt 0:00:30]} 45. Kg2 {[%emt 0:00:12]} Kg8 {[%emt 0:01:30]} 46. Kh2 {[%emt 0:00:43]} Qd2 {[%emt 0:00:30]} 47. Qf3 {[%emt 0:00:00]} c2 {[%emt 0:00:30]} 48. Qa8+ {[%emt 0:00:29]} Kh7 {[%emt 0:00:30]} 49. Qa7 {[%emt 0:00:46]} Kg7 {[%emt 0:00:30]} 50. Qa1+ {[%emt 0:01:04]} Kf8 {[%emt 0:00:30]} 51. Qa8+ {[%emt 0:00:16]} Ke7 {[%emt 0:00:30]} 52. Qb7+ {[%emt 0:00:32]} Kf6 {[%emt 0:00:30]} 53. Qb2+ {[%emt 0:00:27]} e5 {[%emt 0:00:00]} 54. Qb6+ {[%emt 0:00:32]} Kg7 {[%emt 0:00:00]} 55. Qc5 {[%emt 0:00:09]} c1=Q {[%emt 0:00:30]} 56. Qxe5+ Kh7 {[%emt 0:00:30]} 57. Qf6 {[%emt 0:01:30]} Qc7 {[%emt 0:00:30]} 58. Kh1 {[%emt 0:00:11]} Qb7+ {[%emt 0:00:30]} 59. Kh2 {[%emt 0:00:19]} Qd1 {[%emt 0:00:00]} 60. g4 {[%emt 0:00:15]} Qdh1+ {[%emt 0:00:00]} 0-1

[Event "CRO-ch Youth U17 2020"]
[Site "Vinkovci"]
[Date "2020.08.03"]
[Round "8.3"]
[White "Mazuran, Gabrijel"]
[Black "Kovac, Petar"]
[Result "1/2-1/2"]
[WhiteElo "2053"]
[BlackElo "1949"]
[Annotator "ChessBase"]
[PlyCount "34"]
[EventDate "2020.07.28"]
[EventType "swiss"]
[EventCountry "CRO"]
[SourceTitle "playchess.com"]
[Source "ChessBase"]
[SourceQuality "1"]
[TimeControl "5400+30"]

1. d4 {[%emt 0:00:30]} d5 {[%emt 0:00:30]} 2. Nf3 {[%emt 0:00:00]} Nf6 {[%emt 0:00:00]} 3. c4 {[%emt 0:00:00]} e6 {[%emt 0:00:00]} 4. g3 {[%emt 0:00:00]} Be7 {[%emt 0:00:30]} 5. Bg2 {[%emt 0:00:00]} O-O {[%emt 0:00:00]} 6. O-O {[%emt 0:00:30]} dxc4 {[%emt 0:01:00]} 7. Qc2 {[%emt 0:01:30]} a6 {[%emt 0:01:30]} 8. a4 {[%emt 0:02:30]} Bd7 {[%emt 0:02:30]} 9. Ne5 {[%emt 0:04:30]} Bc6 {[%emt 0:02:30]} 10. Nxc6 {[%emt 0:03:30]} Nxc6 {[%emt 0:00:00]} 11. e3 {[%emt 0:04:30]} Na5 {[%emt 0:05:00]} 12. Nd2 {[%emt 0:01:30]} c5 {[%emt 0:06:30]} 13. Nxc4 {[%emt 0:02:30]} cxd4 {[%emt 0:06:30]} 14. Nxa5 {[%emt 0:01:30]} Qxa5 {[%emt 0:00:30]} 15. Bxb7 {[%emt 0:09:30]} Rab8 {[%emt 0:02:30]} 16. Bf3 {[%emt 0:36:30]} Rfc8 {[%emt 0:15:30]} 17. Qe2 {[%emt 0:01:30]} Bc5 {[%emt 0:11:30]} 1/2-1/2

[Event "CRO-ch Youth U17 2020"]
[Site "Vinkovci"]
[Date "2020.08.03"]
[Round "8.4"]
[White "Mahecic, Lovre"]
[Black "Dabic, Stjepan"]
[Result "1/2-1/2"]
[WhiteElo "1977"]
[BlackElo "2120"]
[Annotator "ChessBase"]
[PlyCount "78"]
[EventDate "2020.07.28"]
[EventType "swiss"]
[EventCountry "CRO"]
[SourceTitle "playchess.com"]
[Source "ChessBase"]
[SourceQuality "1"]
[TimeControl "5400+30"]

1. c4 {[%emt 0:00:30]} Nf6 {[%emt 0:00:30]} 2. Nc3 {[%emt 0:00:00]} g6 {[%emt 0:00:00]} 3. d4 {[%emt 0:00:00]} Bg7 {[%emt 0:00:00]} 4. e4 {[%emt 0:00:00]} d6 {[%emt 0:00:00]} 5. f4 {[%emt 0:00:00]} O-O {[%emt 0:00:00]} 6. Nf3 {[%emt 0:00:00]} c5 {[%emt 0:00:30]} 7. d5 {[%emt 0:00:00]} e6 {[%emt 0:00:30]} 8. Be2 {[%emt 0:00:00]} exd5 {[%emt 0:00:30]} 9. cxd5 {[%emt 0:00:00]} b5 {[%emt 0:02:30]} 10. Bxb5 {[%emt 0:01:30]} Qa5 {[%emt 0:00:30]} 11. O-O {[%emt 0:01:30]} Nxe4 {[%emt 0:01:30]} 12. Nxe4 {[%emt 0:00:30]} Qxb5 {[%emt 0:00:30]} 13. Nxd6 {[%emt 0:00:00]} Qa6 {[%emt 0:01:30]} 14. Nxc8 {[%emt 0:00:00]} Rxc8 {[%emt 0:00:30]} 15. Ne5 {[%emt 0:13:30]} f6 {[%emt 0:01:30]} 16. Ng4 {[%emt 0:14:30]} h5 {[%emt 0:00:30]} 17. Ne3 {[%emt 0:00:30]} f5 {[%emt 0:00:30]} 18. Kh1 {[%emt 0:01:30]} Nd7 {[%emt 0:00:30]} 19. d6 {[%emt 0:07:30]} Bd4 {[%emt 0:04:30]} 20. Bd2 {[%emt 0:04:30]} Qxd6 {[%emt 0:08:30]} 21. Bc3 {[%emt 0:00:30]} Nf6 {[%emt 0:01:30]} 22. Qb3+ {[%emt 0:01:30]} Kg7 {[%emt 0:01:30]} 23. Rad1 {[%emt 0:01:30]} Qb6 {[%emt 0:04:30]} 24. Qa3 {[%emt 0:06:30]} Rd8 {[%emt 0:09:30]} 25. Bxd4 {[%emt 0:01:30]} Rxd4 {[%emt 0:00:00]} 26. Rxd4 {[%emt 0:00:30]} cxd4 {[%emt 0:00:00]} 27. Qe7+ {[%emt 0:00:30]} Kg8 {[%emt 0:00:30]} 28. Nc4 {[%emt 0:01:30]} Qa6 {[%emt 0:00:00]} 29. Rd1 {[%emt 0:10:30]} Re8 {[%emt 0:02:00]} 30. Qb4 {[%emt 0:01:30]} Nd5 {[%emt 0:03:30]} 31. Qc5 {[%emt 0:08:30]} Qe6 {[%emt 0:10:30]} 32. Qxd4 {[%emt 0:00:30]} Qe1+ {[%emt 0:00:30]} 33. Rxe1 {[%emt 0:00:30]} Rxe1+ {[%emt 0:00:30]} 34. Qg1 {[%emt 0:00:30]} Rxg1+ {[%emt 0:00:30]} 35. Kxg1 {[%emt 0:00:30]} Nxf4 {[%emt 0:00:30]} 36. Kf2 {[%emt 0:00:30]} Kf7 {[%emt 0:00:30]} 37. g3 {[%emt 0:00:30]} Nd5 {[%emt 0:00:30]} 38. Ne5+ {[%emt 0:00:30]} Kf6 {[%emt 0:00:30]} 39. Nc6 {[%emt 0:00:30]} a6 {[%emt 0:00:30]} 1/2-1/2